| 000 | 00463nam a22001817a 4500 | ||
|---|---|---|---|
| 003 | NUST | ||
| 005 | 20220726101322.0 | ||
| 020 | _a9780983170167 | ||
| 038 | _aAzhar | ||
| 082 |
_a650.076 _bBRA |
||
| 100 |
_aBrandon Wu _995126 |
||
| 245 |
_a30 day GMAT Success : how I scored 780 on the GMAT in 30 days-- and how you can too! _cBrandon Wu |
||
| 250 | _a3rd edition | ||
| 260 |
_aUSA _b30 day Books _c2012 |
||
| 300 | _a382p | ||
| 563 | _aPB | ||
| 942 |
_2ddc _cLC |
||
| 999 |
_c590621 _d590621 |
||